000 06256cam a2201381 i 4500
001 21900169
003 OSt
005 20250617110829.0
008 210210t20212021nyua c 000 1 eng d
010 _a 2021932574
015 _aGBC142271
_2bnb
016 7 _a020134133
_2Uk
020 _a9781419756979
_q(hardback)
020 _a1419756974
_q(hardback)
020 _a9781419756986
_q(paperback)
020 _a1419756982
_q(paperback)
020 _a9781713761112
_q(FollettBound)
020 _a1713761114
_q(FollettBound)
020 _a9781536467925
_q(hardcover)
020 _a1536467928
_q(hardcover)
020 _z9781647004163
_q(ebook)
020 _z1647004160
_q(ebook)
035 _a(OCoLC)on1240362906
037 _bHarry N Abrams Inc, C/O Hachette Book Group USA 121 N Enterprise Blvd, Lebanon, IN, USA, 46025-8193
_nSAN 200-2205
040 _aIEP
_beng
_erda
_cIEP
_dIEP
_dOCLCO
_dLE@
_dOCLCO
_dOJ4
_dCGB
_dJNE
_dTCH
_dILC
_dJTH
_dOCLCO
_dSDG
_dOCLCO
_dCHY
_dIHI
_dOCLCO
_dBKL
_dTXSCH
_dNZLEP
_dBDX
_dUKMGB
_dTOH
_dOCLCF
_dDUD
_dKYC
_dJTO
_dAZD
_dCNCAR
_dZHI
_dOCL
_dFNP
_dALECL
_dYDX
_dYT5
_dG8V
_dALCCP
_dOCLCQ
_dEHH
_dSDD
_dIHX
_dMQS
_dUAH
_dOCLCO
_dZGR
_dAL5ON
_dGWQ
_dGMPMT
_dVIA
_dCHILD
_dRKWLC
_dOCL
_dTXSSC
_dXZH
_dZGR
_dOCLCO
_dDLC
042 _alccopycat
050 0 0 _aPZ7.K6232
_bRow 2021
072 7 _aJUV019000
_2bisacsh
082 0 4 _a[Fic]
_223
100 1 _aKinney, Jeff,
_eauthor,
_eillustrator.
240 1 0 _aShort stories.
_kSelections
245 1 0 _aRowley Jefferson's awesome friendly spooky stories /
_cby Jeff Kinney.
246 3 0 _aAwesome friendly spooky stories
264 1 _aNew York :
_bAmulet Books,
_c2021.
264 4 _c©2021
300 _a217 pages :
_billustrations ;
_c22 cm.
336 _atext
_btxt
_2rdacontent
336 _astill image
_bsti
_2rdacontent
337 _aunmediated
_bn
_2rdamedia
338 _avolume
_bnc
_2rdacarrier
340 _2rdaill
381 _aSelections
490 1 _aDiary of an awesome friendly kid ;
_v3
505 0 0 _tThe Changing --
_tThe Prankster --
_tGhost Friend --
_tThe Biter --
_tThe Human Head --
_tThe Scanner --
_tThe Cellar --
_tThe Nap --
_tThe Stain --
_ta mummy --
_tThe Science Project --
_tThe Medicine Cabinet --
_tThe Invasion --
_tThe Demon.
520 _a"Grab a flashlight, crawl under the covers, and dive into the twisted, unexpectedly hilarious world of Rowley Jefferson's imagination. You'll meet zombies, vampires, ghosts, and much more in these comically terrifying tales. Rowley's spooky stories might leave you laughing, but beware--you could end up sleeping with the lights on!"--
_cProvided by publisher
526 0 _aAccelerated Reader AR
_bMG
_c5.7
_d2.0
_zAccelerated Reader Quiz #511010.
526 0 _aF & P
_cT.
650 0 _aFriendship
_vJuvenile fiction.
650 0 _aMummies
_vJuvenile fiction.
650 1 _aFriendship
_vFiction.
650 1 _aHumorous stories.
650 1 _aAdventure and adventurers
_vFiction.
650 1 _aSupernatural
_vFiction.
650 1 _aGhosts
_vFiction.
650 1 _aShort stories.
650 7 _ashort stories.
_2aat
650 7 _aJUVENILE FICTION
_xHumorous Stories.
_2bisacsh
650 7 _aJUVENILE FICTION
_xComics & Graphic Novels
_xGeneral.
_2bisacsh
650 7 _aJUVENILE FICTION
_xGeneral.
_2bisacsh
650 7 _aMummies
_2fast
650 7 _aFriendship
_2fast
650 7 _aGhosts
_2fast
650 7 _aBoys' friendships
_vJuvenile fiction.
_2homoit
650 7 _aGirls' friendships
_vJuvenile fiction.
_2homoit
650 7 _aFriendship
_vJuvenile fiction.
_2sears
650 7 _aAdventure fiction.
_2sears
650 7 _aOccult fiction.
_2sears
650 7 _aGhost stories.
_2sears
650 7 _aFriendship
_vFiction.
_2sears
650 7 _aAdventure and adventurers
_vFiction.
_2sears
650 7 _aSupernatural
_vFiction.
_2sears
650 7 _aHumorous fiction.
_2sears
650 7 _aShort stories.
_2sears
655 0 _aParanormal fiction.
655 0 _aGhost stories.
655 0 _aHumorous fiction.
655 0 _aShort stories.
655 1 _aHumorous stories.
655 1 _aShort stories.
655 7 _ashort stories.
_2aat
655 7 _aghost stories.
_2aat
655 7 _aHorror fiction
_2fast
655 7 _aHorror tales
_2fast
655 7 _aGhost stories
_2fast
655 7 _aAdventure stories
_2fast
655 7 _aFiction
_2fast
655 7 _aHumorous fiction
_2fast
655 7 _aJuvenile works
_2fast
655 7 _aParanormal fiction
_2fast
655 7 _aShort stories
_2fast
655 7 _aGhost stories
_vJuvenile fiction.
_2gsafd
655 7 _aShort stories
_vJuvenile fiction.
_2gsafd
655 7 _aHorror fiction.
_2lcgft
655 7 _aParanormal fiction.
_2lcgft
655 7 _aGhost stories.
_2lcgft
655 7 _aHumorous fiction.
_2lcgft
655 7 _aShort stories.
_2lcgft
700 1 2 _iContainer of (work):
_aKinney, Jeff.
_tChanging.
700 1 2 _iContainer of (work):
_aKinney, Jeff.
_tPrankster.
700 1 2 _iContainer of (work):
_aKinney, Jeff.
_tGhost friend.
700 1 2 _iContainer of (work):
_aKinney, Jeff.
_tBiter.
700 1 2 _iContainer of (work):
_aKinney, Jeff.
_tHuman head.
700 1 2 _iContainer of (work):
_aKinney, Jeff.
_tScanner.
700 1 2 _iContainer of (work):
_aKinney, Jeff.
_tCellar.
700 1 2 _iContainer of (work):
_aKinney, Jeff.
_tNap.
700 1 2 _iContainer of (work):
_aKinney, Jeff.
_tStain.
700 1 2 _iContainer of (work):
_aKinney, Jeff.
_tMummy.
700 1 2 _iContainer of (work):
_aKinney, Jeff.
_tScience project.
700 1 2 _iContainer of (work):
_aKinney, Jeff.
_tMedicine cabinet.
700 1 2 _iContainer of (work):
_aKinney, Jeff.
_tInvasion.
700 1 2 _iContainer of (work):
_aKinney, Jeff.
_tDemon.
776 0 8 _iOnline version:
_aKinney, Jeff.
_sShort stories Selections.
_tRowley Jefferson's awesome friendly spooky stories.
_dNew York : Amulet Books, 2021
_z9781647004163
_w(OCoLC)1242062496
800 1 _aKinney, Jeff.
_tDiary of an awesome friendly kid (Series) ;
_v3
856 4 1 _3Whole product
_uhttps://ebook.yourcloudlibrary.com/library/RockwallCL-document_id-528mtr9
906 _a7
_bcbc
_ccopycat
_d2
_eepcn
_f20
_gy-gencatlg
942 _2lcc
_cBK
999 _c264908
_d264907